LEADER 01280nam a2200229 i 4500 001 000000191817 003 CaOOAMICUS 005 20100826000000.0 008 100826s1909 it u000 u ita u 013 $a170389 040 $aSeMil$bita 100 1 $aBoulay, Dionisio.$0(OLS)http://semarc/name/70003 245 10$aVita del B. Giovanni Eudes :$bfondatore della Congregazione di Gesł e Maria e dell'Ordine di Nostra Signora della Caritą, autore del culto liturgico ai Sacri Cuori /$cP. Dionisio Boulay ; traduzione dal francese di G. Antonelli Costaggini. 260 $aRoma :$bTip. Pontificia dell'Istituto Pio 9.,$c1909. 300 $a553 p., [8] p. di tav. ;$c23 cm. 500 $aContiene : Appendice. 600 14$aEudes, Jean .$0(OLS)http://semarc/subject/9874 700 1 $aAntonelli Costaggini, G.$0(OLS)http://semarc/name/50606 850 $aSeMil 852 $aSeMil$W1$xVenegono$y1$m3H IV 45$j142425$B142425$CSeMilBibl$Z2$F153960 $81 996 $6245$aVita del B. Giovanni Eudes :$bfondatore della Congregazione di Gesł e Maria e dell'Ordine di Nostra Signora della Caritą, autore del culto liturgico ai Sacri Cuori$9(OLS)http://semarc/title/276338 996 $6260$aRoma :$bTip. Pontificia dell'Istituto Pio 9.$9(OLS)http://semarc/publisher/40485 LEADER 00985nam a2200241 i 4500 001 000000067073 003 CaOOAMICUS 005 20251009113524.0 008 040712s1989 it u000 u ita u 013 $a38245 040 $aSeMil$bita 100 1 $aRomero Pose, Eugenio .$0(OLS)http://semarc/name/30152 245 13$aIl cammino di Santiago di Compostela /$cEugenio Romero Pose. 250 $aEd. fuori commercio riservata ai lettori di Avvenire. 260 $aMilano :$bAvvenire,$c1989. 300 $a95 p. :$briccamente ill. ;$c25 cm. 650 4$aSantiago di Compostela - Pellegrinaggi.$0(OLS)http://semarc/subject/16419 850 $aSeMil 852 $aSeMil$W1$xVenegono$y1$m5L XVI 11$j33226$B33226$CSeMilBibl$Z2$F33229 $81 961 $aOmaggio: Donazione 996 $6245$aIl cammino di Santiago di Compostela$9(OLS)http://semarc/title/106831 996 $6260$aMilano :$bAvvenire$9(OLS)http://semarc/publisher/40154